000 01097cam a2200241 4500
001 WB4025-17
008 040701n2004 000 0 eng u
035 _a(Sirsi) u126662
245 _aConsent regimes' study
260 _c2004
490 _aODPM Research Report
_v28 June 2004 (6)
520 _aODPM has published a research study by the Halcrow Group on consent regimes. It looks at both the current system of separate regimes, which are considered to duplicate each other and are seen as confusing and the possibility of having a unified consent regime.An executive summary and the full report are available at http://www.odpm.gov.uk/stellent/groups/odpm_planni ng/documents/page/odpm_plan_029361.pdf and http://www.odpm.gov.uk/stellent/groups/odpm_planni ng/documents/page/odpm_plan_029360.pdf respectively.
590 _aWB
590 _aWB
650 _aCONSERVATION
650 _aCONSENTS
650 _aPLANNING CONSENT
650 _aUNIFIED CONSENT REGIME
650 _aPLANNING PERMISSION
650 _aBUILT ENVIRONMENT
690 _aPLANNING-PRACTICE
942 _n0
999 _c117630
_d117630